Largest U.S. Cities With No Interstates - Statistics

General Stats
  • This quiz has been taken 14 times
  • The average score is 9 of 15
Answer Stats
State Pop. Answer % Correct
AK 291,247 Anchorage
100%
AZ 504,258 Mesa
100%
AZ 241,361 Scottsdale
93%
CA 542,107 Fresno
79%
AZ 248,325 Glendale
79%
TX 285,494 Plano
79%
AZ 267,918 Gilbert
64%
TX 200,509 Frisco
50%
TX 195,308 McKinney
50%
AZ 190,985 Peoria
50%
FL 194,016 Cape Coral
36%
CA 218,464 Modesto
36%
CA 202,063 Oxnard
36%
CA 178,127 Santa Rosa
36%
CA 173,516 Lancaster
14%
No matching quizzes found
Score Distribution
Percent of People with Each Score
Percentile by Number Answered
Your Score History
You have not taken this quiz